• 首页
  • 本馆介绍
  • 公告通知
  • 最新文献
  • 馆藏检索
  • 电子资源
  • 读者导购
  • 参考咨询
  • 我的图书馆
  • 登录
  • 详细信息显示
  • 放入我的书架
  • 预约/预借图书
  • 作者相关作品
  • 分类相关作品
  • 丛书相关作品
  • 出版社相关作品

书目信息

  • 表格格式
  • 工作单格式
  • 卡片格式
题名:
物料搬运设备手册
    
 
作者: 北京机械工程学会物料搬运(物流工程)分会 编
分册:  
出版信息: 北京   人民交通出版社  2002.11
页数: 1262页
开本: 26cm
丛书名:
单 册:
中图分类: TH22-62
科图分类:
主题词: 运输机械
电子资源:
ISBN: 7-114-04211-6
000 00802nam0 2200205 450
001 0757580691
005 20071215160049.99
010    @a7-114-04211-6@b精装@dCNY178.00
100    @a20071215d2002 km y0chiy0120 ea
101 0  @achi
102    @aCN@b110000
200 1  @a物料搬运设备手册@Awu liao ban yun she bei shou ce@f北京机械工程学会物料搬运(物流工程)分会编@Fbei jing ji xie gong cheng xue hui wu liao ban yun(wu liu gong cheng)fen hui bian
210    @a北京@c人民交通出版社@d2002.11
215    @a1262页@d26cm
606 0  @a运输机械
690    @aTH22-62@v4
701  0 @a北京机械工程学会物料搬运(物流工程)分会@Abei jing ji xie gong cheng xue hui wu liao ban yun(wu liu gong cheng)fen hui@4编
801  0 @aCN@b大连网信软件有限公司图书馆@c20071215
905    @aBZT@dTH22-62@e1
906    @dCNY178.00@n0@r1
    
    物料搬运设备手册/北京机械工程学会物料搬运(物流工程)分会编.-北京:人民交通出版社,2002.11
    1262页;26cm
    
    
    ISBN 7-114-04211-6(精装):CNY178.00
    
●
相关链接 在五车中查询图书 在当当中查询图书 在豆瓣中查询图书


正题名:物料搬运设备手册     索取号:TH22-62/1         预约/预借

序号 登录号 条形码 馆藏地/架位号 状态 备注
1 606540   2000606540   中心书库中库/ 中库030架A面5列7层1/ [索取号:TH22-62/1] 在馆    
2 606541   2000606541   中心书库中库/ 中库030架A面6列6层44/ [索取号:TH22-62/1] 在馆    
3 606542   2000606542   中心书库中库/ 中库030架A面6列6层43/ [索取号:TH22-62/1] 在馆    
4 606543   2000606543   中心书库中库/ 中库030架A面5列5层1/ [索取号:TH22-62/1] 在馆    
5 606544   2000606544   中心书库中库/ 中库030架A面5列7层2/ [索取号:TH22-62/1] 在馆    
山东省滨州职业学院图书馆 欢迎您!
大连网信软件有限公司© 版权所有